| 000 | 00770 a2200229 4500 | ||
|---|---|---|---|
| 001 | 123007 | ||
| 020 | _a1100161199 | ||
| 040 | _cEscola Canadense de Niteroi | ||
| 090 | _aMAR | ||
| 100 | _aMartins, Sophia Mariosa Maciel Savino de Lima | ||
| 245 | 1 | 0 | _aThe overcoming |
| 250 | _a1st. ed. | ||
| 260 | _aRio de Janeiro | ||
| 300 | _a15 p. | ||
| 362 | 0 | _a2017 | |
| 490 | 0 | _aColeção Aluno - Autor | |
| 520 | _aResultado do projeto "Aluno-Autor" desenvolvido pela Canadian School of Niterói em parceria com a Estante Mágica. Dessa forma, os alunos puderam dar assas a sua imaginação e colocar suas histórias em formato de um livro de verdade! | ||
| 650 | 4 | _aChildren's Literature | |
| 650 | 4 | _aSelf-confidence | |
| 650 | 4 | _aFacing Fear | |
| 942 | _cBK | ||
| 999 |
_c123007 _d123007 |
||